000 00760nam a2200217Ia 4500
999 _c5428
_d5428
003 OSt
005 20200528131338.0
008 191128s1955 bl gr 000 0 spa d
040 _aCO-JMCR
_cCO-JMCR
041 0 _aspa
082 0 4 _a330.1 /
_bA447c
_223
100 1 _aAlmeida Nogueira, J. L. de,
_eautor
_94811
245 1 0 _aCurso didáctico de economía política ou ciência do valor /
_cJ. L. de Almeida Nogueira
250 _a6.a edição
260 _aSão Paulo :
_bGráfica São José,
_c1955
300 _a501 páginas ;
_c22 cm.
505 _aGeneralidades -- Da produção -- Da distribuição -- Da Circulação -- Do consumo
650 1 4 _aTeoría económica
_91066
650 2 4 _aEconomía política Economía
_xCursos
_94812
942 _2ddc
_cBK